| 000 | 00953nam a2200265 i 4500 | ||
|---|---|---|---|
| 001 | 17871 | ||
| 003 | ES-MaACL | ||
| 005 | 20230906151712.0 | ||
| 007 | t| | ||
| 008 | 010611s2001 sp a c |||| | spa d | ||
| 020 | _a84-89455-47-3 | ||
| 080 | _a75.036(493)(064.3) | ||
| 245 | 0 | 4 |
_aLos XX _b: el nacimiento de la pintura moderna en Bélgica : 1 de febrero-1 de abril 2001. |
| 246 | 1 | 4 | _aEl nacimiento de la pintura moderna en Bélgica |
| 260 |
_aMadrid : _bFundación Cultural Mapfre Vida, _c[2001] |
||
| 300 |
_a475 p. : _bil. col. y n. ; _c27 x 25 cm. |
||
| 650 | 1 | 4 |
_aPintura belga- _yS.XIX- _vExposiciones. _9161982 |
| 650 | 4 |
_aPintura belga- _yS.XX- _vExposiciones. _9161983 |
|
| 655 | 7 |
_2tgfbne _9193628 _aCatálogos de exposiciones |
|
| 710 | 2 |
_aFundación Cultural Mapfre Vida. _9173980 |
|
| 740 | 3 | 2 | _aEl nacimiento de la pintura moderna en Bélgica. |
| 852 |
_aES-MaACL _jL-24593 |
||
| 942 | _2udc | ||
| 999 |
_c17871 _d17871 |
||